Statistiques concernant Connaissances générales #3

Cliquez ici pour prendre le quiz!

Statistiques générales

  • Ce quiz a été pris 672 fois
  • Le résultat moyen est 3 sur 15

Statistiques - réponses

HintRéponse% Correct
Quelle est la capitale de la Nouvelle-Zélande?Wellington
84%
Qu'est-ce qui, dans un triangle rectangle, égale la racine carrée de la somme des carrés des deux autres côtés?L'Hypoténuse
49%
Sur quel pays a régné Idi Amin Dada?L'Ouganda
24%
Qui a marqué le but gagnant lors de la finale de la Coupe du Monde 2014?Mario Götze
22%
De quel pays provient la bière ''Pilsner Urquell''?République Tchèque
19%
Qui a fait construire les jardins suspendus de Babylone?Nabuchodonosor II
18%
Qui a enregistré un célèbre spectacle à la prison de Folsom?Johnny Cash
17%
Dans quel album Tintin est confronté à une bande de faux-monnayeurs?L'île noire
15%
Qui a remporté l'oscar du meilleur acteur en 1955 et en 1973?Marlon Brando
12%
À quel groupe doit-on les albums ''Funeral'' et ''Neon Bible''?Arcade Fire
10%
Sous quel nom Richard Starkey est-il mieux connu?Ringo Starr
10%
Qui était le Secrétaire de la Défense des États-Unis lors de l'invasion de l'Irak en 2003?Donald Rumsfeld
6%
Quel est le personnage principal du roman ''Racines'' d'Alex Haley?Kunta Kinté
3%
Quel est le nom du capitaine dans le film ''Life aquatic'' de Wes Anderson?Steve Zissou
3%
Au baseball, parmi les lanceurs n'ayant jamais remporté le trophée cy young, qui compte le plus de victoires en carrière?Cy Young
1%

Distribution des résultats

Percentile par nombre de réponses

% des personnes avec chaque résultat

Votre développement - résultats

Vous n’avez pas pris ce quiz